000 00458nam a22001337a 4500
020 _a81-87224-79-7
082 _a540
_bPAN/P
100 _aA.N.PANDIT, M.ILYAS AHMED
245 _aPERFECTION IN CHEMISTRY FOR CLASS XII
_bCBSE QUICK REVISION SERIES
260 _aMEERUT
_bKRISHNA PRAKASHAN MEDIA (P) LTD
_c2006
520 _aCBSE SAMPLE PAPERS, PRACTICE PAPERS, PREVIOUS YEAR'S SOLVED PAPERS
650 _aCHEMISRTY QUICK REVISION FOR CLASS XII
_zINDIA
942 _cBK
999 _c691
_d691